00589 2200193 4500001002100000005001500021035002000036007000300056008003900059082001000098084001700108100001400125245011400139260005300253300004000306650001100346650002500357022001300382INLIS00000000000126120250325084212 a0010-0325000023ta250325 | | |  a631.2 a631.2 ZHI r0 aZhibin Du1 aResearch on waste heat utilization potential of data centers for agricultural greenhouse heating /cZhibin Du aUnited Kingdom, Bristol :bIOP Publishing,c2024 a1-7 hlm, :bIlus ;c21 cm x 29,7 cm 4aJurnal 4arumah kaca pertanian a17426596